00646nam a22001697a 450000500170000001000130001702000260003003500110005603700130006708200120008010000400009224501250013224600700025726000410032727000850036830000230045320210823130221.0 aUR-11201 c200.00a9789383741274 aU-9756 bDBAD/PUB a808.882 aمر تبہ:نا ر نگ سا قی  aشگفتکی و بر جستگی قلم کا ر و ں کی (ا د بی لطا يف )cمر تبہ:نا ر نگ سا قی  aShaguftagi Wa Barjastagi Qalam Karon Ki (Urdu)bby Narang Saqui  aN Delhi c2019 ءbM.R.Publications  a#10 Metropol Market,2724-25Kucha Chelan Daryaganj,bN.Delhie110002l09810784549 a360 ص c22 Cm(Hb)